[Event "Titled Tue 17th Jun Early"]
[Site "chess.com INT"]
[Date "2025.06.17"]
[Round "7"]
[White "Diaz Guerrero, Jesus Daniel"]
[Black "Frempong-Smart Daniel"]
[Result "1-0"]
[WhiteTitle "CM"]
[BlackTitle "CM"]
[WhiteElo "2076"]
[BlackElo "1841"]
[WhiteFideId "3979288"]
[BlackFideId "12601659"]
[EventDate "2025.06.17"]

1. e4 Nf6 2. e5 Nd5 3. c4 Nb6 4. d4 d6 5. f4 dxe5 6. fxe5 Bf5 7. Be3 e6 8. Nc3
Nc6 9. Be2 Be7 10. Nf3 O-O 11. O-O f6 12. Qe1 fxe5 13. dxe5 Bg4 14. Bxb6 axb6
15. Kh1 Qe8 16. Qg3 Bxf3 17. Bxf3 Ra5 18. Rae1 Bb4 19. Bxc6 bxc6 20. Rxf8+ Qxf8
21. Qg4 Qf5 22. Qxf5 exf5 23. e6 Bxc3 24. e7 Bxe1 25. e8=Q# 1-0

[Event "Titled Tue 17th Jun Early"]
[Site "chess.com INT"]
[Date "2025.06.17"]
[Round "7"]
[White "Terry, Renato"]
[Black "Klukin, Kirill"]
[Result "1-0"]
[WhiteTitle "IM"]
[BlackTitle "IM"]
[WhiteElo "2508"]
[BlackElo "2401"]
[WhiteFideId "3803457"]
[BlackFideId "24199273"]
[EventDate "2025.06.17"]

1. e4 c5 2. Nf3 g6 3. d4 cxd4 4. Qxd4 Nf6 5. Nc3 Nc6 6. Qa4 d6 7. e5 dxe5 8.
Nxe5 Bd7 9. Nxd7 Nxd7 10. Bb5 Bg7 11. Be3 O-O 12. Rd1 Bxc3+ 13. bxc3 Qc7 14. O-O
Nf6 15. Rfe1 Rfd8 16. h3 Nd5 17. Bd2 a6 18. Bf1 b5 19. Qh4 Na5 20. Re4 Nf6 21.
Bf4 Qb7 22. Rxd8+ Rxd8 23. Re1 Nd5 24. Bh6 Qc7 25. Rd1 Nxc3 26. Qg3 Rd6 27. Rxd6
exd6 28. Qe3 Qc8 29. Qd4 1-0

[Event "Titled Tue 17th Jun Early"]
[Site "chess.com INT"]
[Date "2025.06.17"]
[Round "7"]
[White "Castillo, Santiago"]
[Black "Li, Eric 2007"]
[Result "0-1"]
[BlackTitle "IM"]
[WhiteElo "2163"]
[BlackElo "2372"]
[WhiteFideId "108936"]
[BlackFideId "30939941"]
[EventDate "2025.06.17"]

1. e4 c5 2. Nf3 d6 3. d4 cxd4 4. Nxd4 Nf6 5. Nc3 a6 6. Bc4 e6 7. O-O Be7 8. Bb3
Nbd7 9. Bxe6 fxe6 10. Nxe6 Qa5 11. Nxg7+ Kf7 12. Nf5 Nc5 13. Nxe7 Kxe7 14. Bg5
Be6 15. Nd5+ Bxd5 16. Qxd5 Qc7 17. f4 Ne6 18. Qf5 Qc5+ 19. Kh1 Qxf5 20. exf5
Nxg5 21. fxg5 Ng4 22. f6+ Ke6 23. c4 Rag8 24. Rae1+ Ne5 25. f7 Rf8 26. Rf6+ Kd7
27. c5 Nxf7 28. cxd6 Nxd6 29. h4 Rxf6 30. gxf6 Re8 31. Rf1 Ke6 32. g4 Ne4 33.
Re1 Kxf6 0-1

[Event "Titled Tue 17th Jun Early"]
[Site "chess.com INT"]
[Date "2025.06.17"]
[Round "7"]
[White "Tsydypov, Zhamsaran"]
[Black "Shogdzhiev, Roman"]
[Result "1-0"]
[WhiteTitle "GM"]
[BlackTitle "FM"]
[WhiteElo "2514"]
[BlackElo "2402"]
[WhiteFideId "4108566"]
[BlackFideId "55653537"]
[EventDate "2025.06.17"]

1. e4 c5 2. Nf3 d6 3. d4 cxd4 4. Nxd4 Nf6 5. Nc3 a6 6. Nb3 e6 7. g4 b5 8. a3 Bb7
9. Qe2 Nfd7 10. Bg2 Nc6 11. Be3 Rc8 12. f4 Nc5 13. O-O Nxb3 14. cxb3 Be7 15. g5
g6 16. Kh1 h6 17. gxh6 Rxh6 18. f5 g5 19. e5 dxe5 20. fxe6 fxe6 21. Qf3 Qc7 22.
Qf7+ Kd8 23. Rad1+ Nd4 24. Bxd4 Bxg2+ 25. Kxg2 Qc6+ 26. Kg1 exd4 27. Rxd4+ Bd6
28. Qg7 1-0

[Event "Titled Tue 17th Jun Early"]
[Site "chess.com INT"]
[Date "2025.06.17"]
[Round "7"]
[White "Akobian, Varuzhan"]
[Black "Harshit, Ranjan Sahu"]
[Result "1-0"]
[WhiteTitle "GM"]
[BlackTitle "CM"]
[WhiteElo "2551"]
[BlackElo "2191"]
[WhiteFideId "13300580"]
[BlackFideId "25638815"]
[EventDate "2025.06.17"]

1. d4 Nf6 2. c4 g6 3. Nc3 Bg7 4. Nf3 O-O 5. Bg5 d6 6. e3 Qe8 7. Be2 c6 8. O-O
Nbd7 9. Qc2 h6 10. Bh4 g5 11. Bg3 Nh5 12. Nxg5 hxg5 13. Bxh5 Nf6 14. Be2 e5 15.
dxe5 dxe5 16. Rfd1 Qe7 17. Rd2 Be6 18. Rad1 a6 19. Bxe5 Rfe8 20. Bd6 Qd7 21. Na4
Bf5 22. Qb3 Ne4 23. Nb6 Nxd2 24. Rxd2 Qe6 25. Nxa8 Rxa8 26. Qxb7 Rd8 27. Qxc6
Bf8 28. c5 Qxa2 29. Qxa6 Qb1+ 30. Bf1 Be6 31. Qd3 Qa1 32. Qd4 Bg7 33. Rd1 Qa2
34. Qb4 Bf8 35. h3 Bb3 36. Rd3 Be6 37. Bxf8 Rxf8 38. Rd1 1-0

[Event "Titled Tue 17th Jun Early"]
[Site "chess.com INT"]
[Date "2025.06.17"]
[Round "7"]
[White "Vihaan Dumir"]
[Black "Yezhel, Valiantsin"]
[Result "1-0"]
[WhiteTitle "CM"]
[BlackTitle "FM"]
[WhiteElo "2230"]
[BlackElo "2256"]
[WhiteFideId "25901010"]
[BlackFideId "13504983"]
[EventDate "2025.06.17"]

1. d4 f5 2. Bf4 Nf6 3. e3 g6 4. Nf3 Bg7 5. h3 O-O 6. Be2 d6 7. O-O Nc6 8. c4 Nh5
9. Bh2 e5 10. Nc3 e4 11. Nd2 Nf6 12. a3 a5 13. Rb1 Ne7 14. b4 axb4 15. axb4 c6
16. b5 d5 17. c5 g5 18. Qb3 Be6 19. Ra1 Qd7 20. Na4 Qe8 21. Nb6 Rxa1 22. Rxa1
Qg6 23. Bd6 Re8 24. Ra8 Rxa8 25. Nxa8 Qe8 26. Nc7 Qd7 27. bxc6 bxc6 28. Qb8+ Kf7
29. Ba6 Bf8 30. Nb3 Ne8 31. Nxe6 Qxe6 32. Na5 Ng6 33. Bc8 Qf6 34. Qb7+ Kg8 35.
Bxf8 Nxf8 36. Qxc6 Qxc6 37. Nxc6 f4 38. exf4 gxf4 39. Ne7+ Kf7 40. Nxd5 Nf6 41.
Nxf6 Kxf6 42. Kf1 Ng6 43. Ke2 Nh4 44. g3 Ng6 45. gxf4 Nxf4+ 46. Ke3 Nxh3 47.
Bxh3 1-0

[Event "Titled Tue 17th Jun Early"]
[Site "chess.com INT"]
[Date "2025.06.17"]
[Round "7"]
[White "Grandelius, Nils"]
[Black "Rustamov, Rustam"]
[Result "1-0"]
[WhiteTitle "GM"]
[BlackTitle "FM"]
[WhiteElo "2643"]
[BlackElo "2334"]
[WhiteFideId "1710400"]
[BlackFideId "13440110"]
[EventDate "2025.06.17"]

1. d4 Nf6 2. c4 e6 3. Nc3 d5 4. cxd5 exd5 5. Bf4 Bb4 6. e3 O-O 7. Bd3 c5 8. Ne2
cxd4 9. exd4 Nc6 10. O-O h6 11. h3 Be6 12. Rc1 Rc8 13. a3 Bd6 14. Qd2 Bxf4 15.
Qxf4 a6 16. Na4 Nd7 17. b4 b5 18. Nc5 Nxc5 19. Rxc5 Nb8 20. Rfc1 Rxc5 21. dxc5
Nc6 22. Nd4 Nxd4 23. Qxd4 Qf6 24. Qxf6 gxf6 25. f3 d4 26. Kf2 Rd8 27. Be4 Bc8
28. g4 Kf8 29. Ke2 Be6 30. Bb7 Bc4+ 31. Kd2 Re8 32. Re1 Rxe1 33. Kxe1 Ke7 34.
Bxa6 Kd7 35. a4 1-0

[Event "Titled Tue 17th Jun Early"]
[Site "chess.com INT"]
[Date "2025.06.17"]
[Round "7"]
[White "Dogan, Umut Anil"]
[Black "Ilinca, Felix-Antonio"]
[Result "0-1"]
[WhiteTitle "CM"]
[BlackTitle "IM"]
[WhiteElo "2060"]
[BlackElo "2431"]
[WhiteFideId "51618060"]
[BlackFideId "54764998"]
[EventDate "2025.06.17"]

1. Nf3 d5 2. c4 d4 3. b4 c5 4. e3 Nc6 5. b5 Nb8 6. exd4 cxd4 7. Bb2 Bg4 8. h3
Bxf3 9. Qxf3 e5 10. Qxb7 Nd7 11. a3 Ngf6 12. d3 Bd6 13. Nd2 O-O 14. g4 e4 15.
Bxd4 Nc5 16. Bxc5 Bxc5 17. Nb3 Bd4 18. O-O-O Qd6 19. Qa6 Qf4+ 20. Kc2 Bxf2 21.
dxe4 Nxe4 22. Bd3 Ng3 23. Rh2 Rad8 24. Qc6 Rfe8 25. Qg2 Be3 26. Kb2 Ne4 27. Qc2
Qe5+ 0-1

[Event "Titled Tue 17th Jun Early"]
[Site "chess.com INT"]
[Date "2025.06.17"]
[Round "7"]
[White "Injac, Teodora"]
[Black "Nguyen, Ngoc Truong Son"]
[Result "0-1"]
[WhiteTitle "IM"]
[BlackTitle "GM"]
[WhiteElo "2457"]
[BlackElo "2600"]
[WhiteFideId "932400"]
[BlackFideId "12401110"]
[EventDate "2025.06.17"]

1. d4 Nf6 2. Bg5 e6 3. Nd2 h6 4. Bh4 d6 5. e4 Nbd7 6. c3 b6 7. Bd3 Bb7 8. Qe2
Be7 9. h3 a6 10. O-O-O b5 11. f4 Nb6 12. g4 Nfd7 13. Bxe7 Qxe7 14. Ngf3 c5 15.
Kb1 c4 16. Bc2 a5 17. Rhe1 b4 18. Qe3 d5 19. f5 dxe4 20. Bxe4 Bxe4+ 21. Qxe4
bxc3 22. Nxc4 O-O 23. Nxb6 Nxb6 24. Rc1 Rab8 25. Rxc3 Na4 26. Rb3 Nxb2 27. Kxb2
a4 28. Rxb8 Rxb8+ 29. Ka1 Qa3 30. Qc2 Qxf3 31. fxe6 fxe6 32. Rb1 Rf8 33. Rc1 a3
34. Qd2 Qxh3 0-1

[Event "Titled Tue 17th Jun Early"]
[Site "chess.com INT"]
[Date "2025.06.17"]
[Round "7"]
[White "Sahib, Singh"]
[Black "Platzgummer, Fabian"]
[Result "1-0"]
[WhiteTitle "FM"]
[BlackTitle "IM"]
[WhiteElo "2407"]
[BlackElo "2293"]
[WhiteFideId "25618342"]
[BlackFideId "1617222"]
[EventDate "2025.06.17"]

1. e4 c6 2. d4 d5 3. Nc3 dxe4 4. Nxe4 Nf6 5. Nxf6+ exf6 6. Be2 Bd6 7. Bf3 O-O 8.
Ne2 Re8 9. O-O Na6 10. Be3 Nc7 11. c4 Bf5 12. Re1 Be4 13. Bxe4 Rxe4 14. Nc3 Re8
15. Qf3 g6 16. Rad1 Bf8 17. Ne4 Bg7 18. d5 cxd5 19. cxd5 f5 20. Nc3 Bxc3 21.
bxc3 Re4 22. d6 Nb5 23. c4 Nc3 24. Rd3 Nxa2 25. c5 Nb4 26. Rb3 a5 27. Reb1 Qd7
28. h3 Rc8 29. g3 h5 30. h4 Qc6 31. Qd1 Rd8 32. Qc1 Rd7 33. Qd2 b5 34. Ra1 a4
35. Rxb4 f4 36. Rxe4 Qxe4 37. Bxf4 g5 38. Bxg5 Qh1+ 39. Kxh1 1-0

[Event "Titled Tue 17th Jun Early"]
[Site "chess.com INT"]
[Date "2025.06.17"]
[Round "7"]
[White "Liu, Casper"]
[Black "El Jawich, Amro"]
[Result "0-1"]
[WhiteTitle "FM"]
[BlackTitle "FM"]
[WhiteElo "2325"]
[BlackElo "2307"]
[WhiteFideId "1454153"]
[BlackFideId "5300380"]
[EventDate "2025.06.17"]

1. d4 g6 2. Nd2 Bg7 3. c3 d6 4. Ngf3 Nd7 5. e4 e5 6. Bc4 Ngf6 7. O-O O-O 8. h3
Qe7 9. Re1 c6 10. a4 Nh5 11. g3 Nb6 12. Bf1 a5 13. Qb3 Qc7 14. d5 cxd5 15. exd5
f5 16. Nc4 Nxc4 17. Bxc4 h6 18. Nh4 Kh7 19. Be2 Nf6 20. Be3 Qe7 21. Nf3 Ne4 22.
Bd3 Ng5 23. Nxg5+ hxg5 24. f4 gxf4 25. gxf4 Qh4 26. Bf1 Qg3+ 27. Kh1 exf4 28.
Bd4 Rf7 29. Bxg7 Rxg7 30. Qb6 f3 31. Qd8 f2 32. Re8 Qg1# 0-1

[Event "Titled Tue 17th Jun Early"]
[Site "chess.com INT"]
[Date "2025.06.17"]
[Round "7"]
[White "Buscar, Michael"]
[Black "Chassard, Cedric"]
[Result "1-0"]
[BlackTitle "FM"]
[WhiteElo "2016"]
[BlackElo "2250"]
[WhiteFideId "2603616"]
[BlackFideId "16243536"]
[EventDate "2025.06.17"]

1. d4 Nf6 2. c4 a6 3. Nc3 b5 4. cxb5 axb5 5. Nxb5 g6 6. e3 Bg7 7. Nf3 O-O 8. Be2
Ba6 9. O-O c5 10. dxc5 Nc6 11. Nbd4 Bxe2 12. Qxe2 Qc8 13. Rd1 Ra5 14. Qc4 Ne4
15. b4 Ra4 16. Rb1 Nxd4 17. exd4 d5 18. Qb3 Ra8 19. a4 Qa6 20. Ra1 Rfb8 21. Bf4
Rd8 22. Bc7 Rd7 23. b5 Qb7 24. c6 Qxc7 25. cxd7 Qxd7 26. a5 Nd6 27. Qxd5 1-0

[Event "Titled Tue 17th Jun Early"]
[Site "chess.com INT"]
[Date "2025.06.17"]
[Round "7"]
[White "Bodemar, Jonathan"]
[Black "Weigand, Anton"]
[Result "1-0"]
[WhiteTitle "CM"]
[BlackTitle "CM"]
[WhiteElo "2150"]
[BlackElo "2197"]
[WhiteFideId "6205488"]
[BlackFideId "16221915"]
[EventDate "2025.06.17"]

1. e4 c5 2. Nc3 e6 3. Nge2 Nc6 4. g3 e5 5. Bg2 d6 6. d3 Be7 7. O-O Nf6 8. h3 Bd7
9. f4 Qc7 10. Be3 O-O-O 11. a3 h5 12. b4 cxb4 13. axb4 b6 14. b5 Na5 15. Qd2 Kb8
16. Rfb1 h4 17. Rxa5 bxa5 18. b6 Qc6 19. fxe5 dxe5 20. Nd5 Nxd5 21. exd5 Qd6 22.
bxa7+ Ka8 23. Rb6 hxg3 24. Rxd6 Bxd6 25. Qxa5 Rc8 26. c4 Bxh3 27. Bxh3 Rxh3 28.
Qa6 Rch8 29. Qc6# 1-0

[Event "Titled Tue 17th Jun Early"]
[Site "chess.com INT"]
[Date "2025.06.17"]
[Round "7"]
[White "Kholyavko, Mariya"]
[Black "Dobre, Claudiu-Cristian"]
[Result "1-0"]
[WhiteTitle "WFM"]
[BlackTitle "IM"]
[WhiteElo "2175"]
[BlackElo "2287"]
[WhiteFideId "13748505"]
[BlackFideId "1211854"]
[EventDate "2025.06.17"]

1. g3 e5 2. b3 f5 3. Bb2 d6 4. Bg2 g6 5. f4 Bg7 6. Nf3 Qe7 7. Nc3 Nf6 8. O-O Nc6
9. fxe5 dxe5 10. e4 f4 11. d4 fxg3 12. dxe5 Nxe5 13. Nxe5 Qxe5 14. Nd5 Qxb2 15.
Nxc7+ Kf7 16. Qd5+ Ke7 17. Qc5+ Kf7 18. Nxa8 gxh2+ 19. Kh1 Bd7 20. Nc7 Rc8 21.
e5 b6 22. Qc4+ Kf8 23. exf6 Bh6 24. Rae1 Qa3 25. Ne6+ Bxe6 26. Qxe6 Qc5 27. f7
Bd2 28. Qe8+ 1-0

[Event "Titled Tue 17th Jun Early"]
[Site "chess.com INT"]
[Date "2025.06.17"]
[Round "7"]
[White "Bardyk, Artem"]
[Black "Purtseladze, Maka"]
[Result "1-0"]
[WhiteTitle "FM"]
[BlackTitle "IM"]
[WhiteElo "2260"]
[BlackElo "2261"]
[WhiteFideId "34349979"]
[BlackFideId "13602659"]
[EventDate "2025.06.17"]

1. e4 c6 2. d4 d5 3. exd5 cxd5 4. Bd3 Nf6 5. h3 Nc6 6. c3 g6 7. Nf3 Bg7 8. O-O
O-O 9. Re1 Bf5 10. Bf1 a6 11. Bf4 Bxb1 12. Rxb1 b5 13. Rc1 e6 14. Qd2 Na5 15. b3
Rc8 16. Bd3 Qb6 17. Ne5 Nc6 18. h4 Nxe5 19. dxe5 Ng4 20. h5 f5 21. h6 Bh8 22. c4
bxc4 23. bxc4 Qd4 24. Bxf5 Qxf2+ 25. Qxf2 Rxf5 26. cxd5 Rxc1 27. Rxc1 Nxf2 28.
Rc8+ Rf8 29. Rxf8+ Kxf8 30. Kxf2 exd5 31. Ke3 Ke7 32. Kd4 Ke6 33. g4 g5 34. Bg3
Kf7 35. Kxd5 Kg6 36. Ke6 Kxh6 37. Kf7 a5 38. e6 Bf6 39. Kxf6 a4 40. Ke5 a3 41.
Kd6 1-0

[Event "Titled Tue 17th Jun Early"]
[Site "chess.com INT"]
[Date "2025.06.17"]
[Round "7"]
[White "Sabatier, Mathis"]
[Black "Buyankhishig, Batpelden"]
[Result "0-1"]
[WhiteTitle "CM"]
[BlackTitle "WFM"]
[WhiteElo "2235"]
[BlackElo "2015"]
[WhiteFideId "26029685"]
[BlackFideId "4923537"]
[EventDate "2025.06.17"]

1. d4 Nf6 2. Nf3 d5 3. g3 e6 4. Bg2 Be7 5. O-O O-O 6. c4 Nbd7 7. cxd5 exd5 8.
Nc3 c6 9. Ne5 Nxe5 10. dxe5 Ng4 11. Qd4 Qb6 12. Qf4 Qc7 13. e4 d4 14. Ne2 c5 15.
e6 Qxf4 16. Bxf4 Bxe6 17. Rac1 g5 18. Bd2 Bxa2 19. h3 Ne5 20. f4 Nc4 21. Be1 Ne3
22. Rf3 Nxg2 23. Kxg2 f5 24. e5 Bd5 25. b4 Bxf3+ 26. Kxf3 d3 27. Nc3 Rfd8 28.
Bd2 cxb4 29. Nb5 a6 30. Nc7 Rac8 31. fxg5 b3 32. Ba5 d2 33. Rd1 b2 34. Nd5 Rxd5 0-1

[Event "Titled Tue 17th Jun Early"]
[Site "chess.com INT"]
[Date "2025.06.17"]
[Round "7"]
[White "Gardezi, Arsal"]
[Black "Thipsay, Bagyashree Sathe"]
[Result "1-0"]
[BlackTitle "WIM"]
[WhiteElo "2048"]
[BlackElo "2075"]
[WhiteFideId "30949521"]
[BlackFideId "5001013"]
[EventDate "2025.06.17"]

1. Nf3 d5 2. g3 Bg4 3. Bg2 Nd7 4. O-O c6 5. b3 e5 6. Bb2 Bd6 7. d3 Ngf6 8. Nbd2
O-O 9. h3 Bh5 10. e4 dxe4 11. dxe4 Re8 12. Re1 b5 13. a4 a6 14. axb5 axb5 15.
Rxa8 Qxa8 16. Nf1 Bc5 17. g4 Bg6 18. g5 Nxe4 19. Rxe4 Bxe4 20. Qxd7 Rd8 21. Qc7
Bd6 22. Qb6 Re8 23. Ng3 Bxc2 24. Nh4 Rc8 25. Nhf5 Bf8 26. Bxe5 Bxb3 27. Qd4 Rd8
28. Qc3 Bd5 29. Bxg7 Bxg2 30. Nh6# 1-0

[Event "Titled Tue 17th Jun Early"]
[Site "chess.com INT"]
[Date "2025.06.17"]
[Round "7"]
[White "Mesquita, Eduardo Barbosa"]
[Black "Luong Phuong Hanh"]
[Result "0-1"]
[BlackTitle "WIM"]
[WhiteElo "2014"]
[BlackElo "2121"]
[WhiteFideId "22757163"]
[BlackFideId "12401013"]
[EventDate "2025.06.17"]

1. e4 c5 2. Nf3 e6 3. d4 cxd4 4. Nxd4 a6 5. Nc3 Qc7 6. Be3 Nf6 7. Be2 Bb4 8. O-O
Bxc3 9. bxc3 Nxe4 10. Bf3 Nxc3 11. Qd3 d5 12. Rfe1 O-O 13. Bd2 Na4 14. g3 Nd7
15. Bb4 Nac5 16. Qe3 Re8 17. Bxd5 Nf6 18. Bf3 Bd7 19. Rab1 Rac8 20. c4 e5 21.
Nb3 Nxb3 22. axb3 e4 23. Bg2 Bc6 24. Bc5 Nd7 25. Bd4 Ne5 26. Bxe4 Ng4 27. Qf4
Qxf4 28. gxf4 Bxe4 29. Rb2 f5 30. Rbe2 Bc6 31. Kf1 Nxh2+ 0-1

[Event "Titled Tue 17th Jun Early"]
[Site "chess.com INT"]
[Date "2025.06.17"]
[Round "7"]
[White "Otdelnov, Kirill"]
[Black "Martic, Ivan SRB"]
[Result "0-1"]
[WhiteTitle "FM"]
[BlackTitle "FM"]
[WhiteElo "2273"]
[BlackElo "2270"]
[WhiteFideId "24280216"]
[BlackFideId "929301"]
[EventDate "2025.06.17"]

1. Nf3 Nf6 2. e3 g6 3. d4 Bg7 4. Be2 O-O 5. O-O d6 6. c4 c5 7. Nc3 Nc6 8. d5 Ne5
9. Nxe5 dxe5 10. e4 Ne8 11. Be3 b6 12. a3 f5 13. f3 Nd6 14. b4 Nb7 15. Na4 Bd7
16. bxc5 Bxa4 17. Qxa4 Nxc5 18. Bxc5 bxc5 19. Rfb1 Bh6 20. Rb7 Be3+ 21. Kh1 fxe4
22. fxe4 Bd4 23. Rab1 Rf2 24. Bf3 Qf8 25. R7b3 Qf4 26. Qd7 Rf8 27. Qxe7 Rc2 28.
Qe6+ Kh8 29. Rf1 Bb2 30. Rd3 Rc1 31. Rdd1 Rxd1 32. Rxd1 Qe3 33. Qe7 Rxf3 34.
gxf3 Qxf3+ 35. Kg1 Qxd1+ 36. Kf2 Bd4+ 37. Kg3 Qg1+ 38. Kf3 Qf1+ 39. Kg4 Qf4+ 40.
Kh3 Qf3+ 41. Kh4 Bf2+ 0-1

[Event "Titled Tue 17th Jun Early"]
[Site "chess.com INT"]
[Date "2025.06.17"]
[Round "7"]
[White "Herman, Daniel"]
[Black "Huseynova, Dinara"]
[Result "1-0"]
[BlackTitle "WCM"]
[WhiteElo "1920"]
[BlackElo "1833"]
[WhiteFideId "30935008"]
[BlackFideId "13437313"]
[EventDate "2025.06.17"]

1. e4 c6 2. d4 d5 3. e5 c5 4. dxc5 e6 5. Be3 Nd7 6. c4 Nxe5 7. cxd5 Qxd5 8. Qxd5
exd5 9. Nc3 Nf6 10. O-O-O Be6 11. Bb5+ Kd8 12. Bd4 Ned7 13. Nf3 Bxc5 14. Bxd7
Nxd7 15. Bxc5 Nxc5 16. Nxd5 Kc8 17. Kb1 b6 18. Ng5 Bxd5 19. Rxd5 f6 20. Nf7 Rf8
21. Nd6+ Kc7 22. Rhd1 a6 23. b4 Ne6 24. Rc1+ Kb8 25. Nf5 Ra7 26. Rd6 Nf4 27.
Rxb6+ Rb7 28. Rxb7+ Kxb7 29. g3 Rc8 30. Nd6+ 1-0

[Event "Titled Tue 17th Jun Early"]
[Site "chess.com INT"]
[Date "2025.06.17"]
[Round "7"]
[White "Negrean, Andrei"]
[Black "Szpar, Milosz"]
[Result "0-1"]
[WhiteTitle "FM"]
[BlackTitle "IM"]
[WhiteElo "2352"]
[BlackElo "2495"]
[WhiteFideId "1291513"]
[BlackFideId "1184989"]
[EventDate "2025.06.17"]

1. e4 e6 2. d4 d5 3. exd5 exd5 4. Bd3 c5 5. Nf3 Nc6 6. O-O cxd4 7. Nbd2 Bc5 8.
Nb3 Bb6 9. Nbxd4 Bxd4 10. Nxd4 Nxd4 11. Re1+ Ne7 12. Bg5 Ne6 13. Bxe7 Kxe7 14.
f4 g6 15. g4 Kf6 16. f5 gxf5 17. gxf5 Rg8+ 18. Kh1 Nf4 19. Qd2 Qd6 20. Rf1 Nxd3
21. cxd3 Rg5 22. h4 Rh5 23. Rf4 d4 24. Raf1 Bd7 25. Qf2 Bc6+ 26. Kh2 Rg8 27. Kh3
Bg2+ 28. Qxg2 Rxg2 29. Kxg2 Qd5+ 30. Kg3 Qe5 0-1

[Event "Titled Tue 17th Jun Early"]
[Site "chess.com INT"]
[Date "2025.06.17"]
[Round "7"]
[White "Garde, Guillaume"]
[Black "Redor, Menandro"]
[Result "0-1"]
[WhiteTitle "CM"]
[WhiteElo "2211"]
[BlackElo "2021"]
[WhiteFideId "45138273"]
[BlackFideId "5222010"]
[EventDate "2025.06.17"]

1. d4 d5 2. Nf3 Nf6 3. e3 Nc6 4. b3 Bg4 5. h3 Bxf3 6. Qxf3 e5 7. c3 Bd6 8. Bb5
O-O 9. Ba3 exd4 10. cxd4 Bxa3 11. Nxa3 Qe7 12. Nc2 Nb4 13. Na3 Ne4 14. O-O Nd2
15. Qg3 Nxf1 16. Bxf1 c6 17. Qg4 a5 18. Qf5 g6 19. Qb1 a4 20. Nc2 axb3 21. Qxb3
Nxc2 22. Qxc2 Ra3 23. Qb2 Rfa8 24. Rb1 R8a7 25. Qb6 Rxa2 26. Re1 Qf6 0-1

[Event "Titled Tue 17th Jun Early"]
[Site "chess.com INT"]
[Date "2025.06.17"]
[Round "7"]
[White "Jakubowski, Krzysztof"]
[Black "Begunov, Konstantin"]
[Result "1-0"]
[WhiteTitle "GM"]
[BlackTitle "FM"]
[WhiteElo "2448"]
[BlackElo "2325"]
[WhiteFideId "1112848"]
[BlackFideId "4118510"]
[EventDate "2025.06.17"]

1. e4 g6 2. d4 Bg7 3. Nc3 c6 4. f4 d5 5. e5 h5 6. Be3 Bg4 7. Qd2 e6 8. h3 Bf5 9.
Nf3 Ne7 10. Be2 Qb6 11. Na4 Qc7 12. b3 Nd7 13. c4 Be4 14. O-O Nf5 15. Bf2 Bf8
16. Ng5 Be7 17. Nxe4 dxe4 18. Nc3 Bb4 19. a3 Bxc3 20. Qxc3 O-O-O 21. c5 Nb8 22.
b4 Rd7 23. Rfd1 Rhd8 24. Rab1 Rd5 25. Rb2 Qd7 26. Rbd2 Na6 27. g4 hxg4 28. hxg4
e3 29. Bxe3 Nxe3 30. Qxe3 Qe7 31. g5 Nc7 32. a4 a6 33. Qb3 Qd7 34. Qb2 Rh8 35.
Kg2 Rh4 36. Kg3 Rh7 37. Bf3 Qd8 38. Rh2 Qh8 39. Rxh7 Qxh7 40. Rh1 Qg8 41. Bxd5
Nxd5 42. b5 cxb5 43. axb5 a5 44. Qa3 Qd8 45. b6 Nb4 46. Qxa5 Qxd4 47. Qa8+ Kd7
48. Qxb7+ Ke8 49. Rh8# 1-0

[Event "Titled Tue 17th Jun Early"]
[Site "chess.com INT"]
[Date "2025.06.17"]
[Round "7"]
[White "Grzesik, Gracjan"]
[Black "Goh, Zi Han"]
[Result "0-1"]
[WhiteTitle "CM"]
[BlackTitle "FM"]
[WhiteElo "2175"]
[BlackElo "2275"]
[WhiteFideId "1194593"]
[BlackFideId "5819156"]
[EventDate "2025.06.17"]

1. c4 e5 2. Nc3 Nc6 3. Nf3 Nf6 4. g3 g6 5. Bg2 Bg7 6. O-O O-O 7. e3 Re8 8. d4
exd4 9. Nxd4 Ne5 10. b3 d6 11. Bb2 h5 12. h3 c6 13. Qd2 c5 14. Ndb5 Bxh3 15.
Qxd6 Bxg2 16. Kxg2 Qc8 17. Nd5 Nxd5 18. Qxd5 h4 19. Nd6 Qg4 20. Nxe8 h3+ 21. Kh1
Rxe8 22. Bxe5 Bxe5 23. Rad1 Bf6 24. Kh2 Rd8 25. Qxb7 Rxd1 26. f3 Qd7 0-1

[Event "Titled Tue 17th Jun Early"]
[Site "chess.com INT"]
[Date "2025.06.17"]
[Round "7"]
[White "Peatman, Carter"]
[Black "Tikhonov, Viacheslav"]
[Result "0-1"]
[BlackTitle "CM"]
[WhiteElo "2082"]
[BlackElo "2183"]
[WhiteFideId "2096480"]
[BlackFideId "44196407"]
[EventDate "2025.06.17"]

1. d4 Nf6 2. Bf4 g6 3. e3 Bg7 4. Nf3 O-O 5. h3 c5 6. Bh2 b6 7. Nbd2 Bb7 8. Be2
d5 9. O-O Nc6 10. c3 Nd7 11. a4 e5 12. dxe5 Ndxe5 13. Nxe5 Nxe5 14. Nf3 Re8 15.
Nxe5 Bxe5 16. Bxe5 Rxe5 17. Bf3 Re6 18. Qd2 Rd6 19. Rfd1 Qd7 20. c4 Rd8 21. cxd5
Bxd5 22. Qc2 Bxf3 23. Rxd6 Qxd6 24. gxf3 Qd2 25. Qb3 Rd5 26. f4 h5 27. a5 Qd3
28. Qxd3 Rxd3 29. axb6 axb6 30. Ra7 Rb3 31. Ra2 Kg7 32. Kf1 Kf6 33. Ke2 Kf5 34.
Kd2 Ke4 35. Ke2 Kd5 36. f3 Kc4 37. Kd2 h4 38. Ke2 Rb5 39. Kd2 Kb3 40. Ra7 Kxb2
41. Rxf7 c4 42. Rf6 c3+ 43. Kd3 c2 44. Rxg6 c1=Q 45. Rg2+ Kb3 46. Ke4 Qc4# 0-1

[Event "Titled Tue 17th Jun Early"]
[Site "chess.com INT"]
[Date "2025.06.17"]
[Round "7"]
[White "Tekeyev, Zaur"]
[Black "Sychev, Klementy"]
[Result "0-1"]
[WhiteTitle "IM"]
[BlackTitle "GM"]
[WhiteElo "2407"]
[BlackElo "2513"]
[WhiteFideId "4199731"]
[BlackFideId "4114060"]
[EventDate "2025.06.17"]

1. e4 d5 2. exd5 Qxd5 3. Nc3 Qa5 4. d4 Nf6 5. Nf3 g6 6. Ne5 Bg7 7. Nc4 Qf5 8.
Bd3 Qd7 9. Ne5 Qd8 10. O-O O-O 11. Ne2 c5 12. dxc5 Qc7 13. Nf3 Qxc5 14. Be3 Qb4
15. Bd4 Nc6 16. Bc3 Qb6 17. h3 Nb4 18. Bc4 Bf5 19. Ned4 Be4 20. Bb3 Rad8 21.
Bxb4 Qxb4 22. c3 Qc5 23. Qe2 e5 24. Ng5 Bxg2 25. Nxf7 Rxf7 26. Ne6 Bxf1 27. Rxf1
Qc8 28. Nxd8 Qxd8 29. Rd1 Qc7 30. Qc4 Qxc4 31. Rd8+ Rf8 32. Bxc4+ Kh8 0-1